00601nam a22001577a 4500008004100000020001500041050001400056100002200070245020600092250001200298260004400310300002600354650001600380700002300396700002400419120814t xxu||||| |||| 00| 0 eng d a0471135828 aQA371.H12 aBoyce, William E. aStudents solutions manual to accompany elementary differential equations and elementary differential equations and boundary value problems. /cWilliam E. Boyce, Charles W. Haines and Richard C. DiPrima a6th ed. aNew York:bJohn Wiley and Sons,cc1997. a239 p.:bill.;c23cm. bMathematics aHaines, Charles W. aDiPrima, Richard C.